• 首页
  • 本馆介绍
  • 公告通知
  • 最新文献
  • 馆藏检索
  • 电子资源
  • 读者导购
  • 参考咨询
  • 我的图书馆
  • 登录
  • 详细信息显示
  • 放入我的书架
  • 预约/预借图书
  • 作者相关作品
  • 分类相关作品
  • 丛书相关作品
  • 出版社相关作品

书目信息

  • 表格格式
  • 工作单格式
  • 卡片格式
题名:
被委以重任的方言
    
 
作者: 敬文东
分册:  
出版信息: 北京   中国人民大学出版社  37895
页数: 217页
开本: 20cm
丛书名:
单 册:
中图分类: H179
科图分类:
主题词: 汉语方言
电子资源:
ISBN: 7-300-04896-X
000 00516nam0 2200181 450
001 0728815141
005 20070819080015.14
010    @a7-300-04896-X@d¥16.80
100    @a20070819d km y0chiy0120 ea
101 0  @achi
200 1  @a被委以重任的方言@Abei wei yi zhong ren de fang yan@f敬文东@Fjing wen dong
210    @a北京@c中国人民大学出版社@d37895
215    @a217页@d20cm
606 0  @a汉语方言
690    @aH179@v3
701  0 @a敬文东@Ajing wen dong
801  0 @aCN@bPFT@c20070819
905    @a213230@dH179@eZW14@f1
    
    被委以重任的方言/敬文东.-北京:中国人民大学出版社,37895
    217页;20cm
    
    
    ISBN 7-300-04896-X:¥16.80
    
●
相关链接 在E读中查询图书 在五车中查询图书 在当当中查询图书 在豆瓣中查询图书


正题名:被委以重任的方言     索取号:H179/ZW14         预约/预借

序号 登录号 条形码 馆藏地/架位号 状态 备注
1 7604321   276043210   密集书库-文学院/ [索取号:H179/ZW14] 在馆    
唐山师范学院图书馆 欢迎您!
大连网信软件有限公司© 版权所有